[Event "Titled Tue 24th Jun Early"]
[Site "chess.com INT"]
[Date "2025.06.24"]
[Round "10"]
[White "Fedotov, Nikita2"]
[Black "Povshednyi, Ivan"]
[Result "1-0"]
[WhiteTitle "FM"]
[BlackTitle "FM"]
[WhiteElo "2278"]
[BlackElo "2309"]
[WhiteFideId "24161446"]
[BlackFideId "14190907"]
[EventDate "2025.06.24"]

1. Nf3 d5 2. c4 e6 3. g3 d4 4. Bg2 Nc6 5. O-O Nh6 6. Qa4 Bd7 7. Qb3 a5 8. d3 Nf5
9. Bg5 f6 10. Bc1 h5 11. e3 dxe3 12. fxe3 h4 13. g4 h3 14. Bh1 Nh4 15. d4 Nxf3+
16. Bxf3 Be7 17. Qc2 O-O 18. Nc3 Be8 19. Qe4 Bf7 20. Bd2 Bd6 21. Bd1 f5 22. gxf5
Qg5+ 23. Qg4 Qxg4+ 24. Bxg4 exf5 25. Be2 g6 26. Nb5 Rad8 27. Nxd6 cxd6 28. d5
Ne5 29. Bxa5 Rc8 30. b3 b5 31. Rac1 bxc4 32. bxc4 Ra8 33. Bc7 Rxa2 34. Rf2 Rc8
35. Bxd6 Nd7 36. Bf3 Rxf2 37. Kxf2 Nc5 38. Bxc5 Rxc5 39. Ke2 Kf8 40. Kd3 Ke7 41.
Kd4 Rc8 42. Ra1 g5 43. Ra7+ Kf6 44. c5 g4 45. Be2 g3 46. hxg3 Rd8 47. Bf3 h2 48.
d6 Rg8 49. c6 Rxg3 50. Bh1 Rg1 51. d7 Rd1+ 52. Kc5 Be6 53. Ra1 Rd2 54. e4 fxe4
55. Bxe4 Ke7 56. Bh1 Rc2+ 57. Kb6 Rb2+ 58. Kc7 Rc2 59. Re1 Rd2 60. Kc8 Kf6 61.
Rxe6+ Kxe6 62. d8=Q Rc2 63. Qd5+ Kf6 64. Qd4+ Ke6 65. Qe4+ Kd6 66. Qxc2 Ke5 67.
Qxh2+ Kd4 68. Qd2+ Kc5 69. c7 Kb6 70. Kd7 Ka6 71. c8=Q+ Ka7 72. Qb7# 1-0

[Event "Titled Tue 24th Jun Early"]
[Site "chess.com INT"]
[Date "2025.06.24"]
[Round "10"]
[White "Weetik, Vjacheslav"]
[Black "Williams, Simon K"]
[Result "1-0"]
[WhiteTitle "FM"]
[BlackTitle "GM"]
[WhiteElo "2423"]
[BlackElo "2444"]
[WhiteFideId "4153472"]
[BlackFideId "404454"]
[EventDate "2025.06.24"]

1. c4 f5 2. Nc3 Nf6 3. Nf3 d6 4. d4 e6 5. Qc2 Nc6 6. e4 e5 7. dxe5 dxe5 8. Bg5
Bb4 9. Bd3 O-O 10. O-O-O Bxc3 11. Qxc3 fxe4 12. Bxf6 Qxf6 13. Bxe4 Bg4 14. Rhe1
Bxf3 15. Bxf3 Nd4 16. Bxb7 Rab8 17. Bd5+ Kh8 18. Rd2 c6 19. Be4 Rb6 20. b3 c5
21. Re3 Rfb8 22. Kb2 Rb4 23. Qd3 g6 24. Bd5 a5 25. Qe4 Re8 26. f4 a4 27. fxe5
Qg7 28. Rf2 axb3 29. a3 Rb6 30. Rf6 Reb8 31. Qf4 Nf5 32. Rxb6 Rxb6 33. Rxb3
Rxb3+ 34. Kxb3 h5 35. a4 Qc7 36. Qe4 Qa5 37. e6 Qb4+ 38. Ka2 Qxa4+ 39. Kb1 Qb3+
40. Kc1 Qc3+ 41. Qc2 Qe3+ 42. Kb2 Nd4 43. Qc3 Qe2+ 44. Ka3 Kg7 45. h4 Qd1 46.
Qb2 Qd3+ 47. Ka4 Kf6 48. Qf2+ Ke5 49. Qe1+ Kd6 50. e7 Qb3+ 51. Ka5 Qa3+ 52. Kb6
Qb3+ 53. Ka6 Qa4+ 54. Kb6 Qb3+ 55. Ka7 Qa4+ 56. Kb8 Qe8+ 57. Ka7 Qd7+ 58. Kb6
Qc7+ 59. Ka6 Qxe7 60. Qxe7+ Kxe7 61. Kb6 Kd6 62. Bf7 Nf5 63. Bxg6 Nxh4 64. Be4
Ke5 65. g3 Kxe4 66. gxh4 Kf4 67. Kxc5 Kg4 68. Kd4 Kxh4 69. c5 Kg3 70. c6 h4 71.
c7 h3 72. c8=Q h2 73. Qc6 1-0

[Event "Titled Tue 24th Jun Early"]
[Site "chess.com INT"]
[Date "2025.06.24"]
[Round "10"]
[White "Materia, Marco"]
[Black "Atoyan, Alberto"]
[Result "1-0"]
[WhiteTitle "IM"]
[BlackTitle "CM"]
[WhiteElo "2489"]
[BlackElo "2266"]
[WhiteFideId "45150451"]
[BlackFideId "13314831"]
[EventDate "2025.06.24"]

1. Nf3 Nf6 2. c4 e6 3. g3 d5 4. Bg2 Be7 5. O-O O-O 6. b3 b6 7. Bb2 Bb7 8. cxd5
Nxd5 9. d4 Nd7 10. Nbd2 c5 11. e4 N5f6 12. Qe2 Rc8 13. Rfd1 Rc7 14. dxc5 Nxc5
15. Nc4 Qa8 16. e5 Nd5 17. Ne1 Nb4 18. Bxb7 Qxb7 19. Nd6 Qa6 20. Qg4 Nbd3 21.
Nxd3 Nxd3 22. Qe2 Nc5 23. Qe3 Rd7 24. a4 Nb7 25. Nb5 Rfd8 26. Rxd7 Rxd7 27. Rc1
Nc5 28. Ba3 Qb7 29. Nd6 Bxd6 30. exd6 Rxd6 31. Bxc5 bxc5 32. Qxc5 Rd8 33. b4 g6
34. h4 h5 35. b5 Rd5 36. Qc8+ Qxc8 37. Rxc8+ Kg7 38. Rc7 a6 39. b6 Rd1+ 40. Kg2
Rb1 41. b7 a5 42. Kf3 Rb4 43. Ke3 Kf6 44. Kd3 e5 45. Kc3 Ke6 46. Rc5 Rxb7 47.
Rxa5 Kf5 48. Rb5 Re7 49. a5 Kg4 50. Rb2 e4 51. a6 e3 52. fxe3 Rxe3+ 53. Kb4 Kxg3
54. Rb3 Rxb3+ 55. Kxb3 f5 56. a7 f4 57. a8=Q f3 58. Qc6 f2 59. Qxg6+ Kh2 60. Qf5
Kg1 61. Qg5+ Kh1 62. Qc1+ Kg2 63. Qc6+ Kg1 64. Qg6+ Kh2 65. Qf5 Kg1 66. Qc5 Kh1
67. Qd5+ Kg1 68. Qxh5 f1=Q 69. Qg5+ Kh1 70. h5 Qf7+ 71. Kc3 Qc7+ 72. Kd4 Qd6+
73. Qd5+ 1-0

[Event "Titled Tue 24th Jun Early"]
[Site "chess.com INT"]
[Date "2025.06.24"]
[Round "10"]
[White "Arslanov, Shamil"]
[Black "Martinez Alcantara, Jose Eduardo"]
[Result "0-1"]
[WhiteTitle "IM"]
[BlackTitle "GM"]
[WhiteElo "2410"]
[BlackElo "2611"]
[WhiteFideId "4192826"]
[BlackFideId "3805662"]
[EventDate "2025.06.24"]

1. d4 Nf6 2. f3 d5 3. e4 e6 4. e5 Nfd7 5. c3 c5 6. Be3 Nc6 7. f4 Qb6 8. Qd2 Be7
9. Nf3 O-O 10. Bd3 f6 11. O-O a5 12. Na3 f5 13. Kh1 cxd4 14. cxd4 Qd8 15. Rac1
Nb6 16. Rg1 h5 17. h3 Kf7 18. Nb5 Rh8 19. Ng5+ Kg8 20. b3 a4 21. Nd6 Bxd6 22.
exd6 Bd7 23. Bb5 Nc8 24. Bxc6 bxc6 25. Qb4 Qf8 26. bxa4 Qxd6 27. Rb1 g6 28. Qc3
Qc7 29. Rb4 Kg7 30. Rgb1 Ra7 31. Nf3 Nd6 32. Ne5 Ne4 33. Qc2 Rha8 34. Kg1 Be8
35. a3 Kg8 36. Bf2 c5 37. dxc5 g5 38. Be3 Bxa4 39. Qe2 Be8 40. Nd3 g4 41. hxg4
hxg4 42. Ne5 Qh7 43. Qe1 g3 44. Kf1 Rxa3 45. Bg1 Ra2 46. Qe3 Qh1 47. Rxe4 Rf2+
48. Qxf2 gxf2 49. Kxf2 fxe4 50. g3 Ra2+ 51. Ke3 Qg2 52. Kd4 Qd2+ 53. Nd3 Qxd3+
54. Ke5 Qc3+ 55. Bd4 Qa5 56. Rb7 Qd8 57. g4 Bd7 58. g5 Qc8 59. c6 Qxc6 60. Rb8+
Bc8 61. Kf6 Qc7 62. Be5 Qd8+ 63. Kg6 Ra7 64. Kh5 Qe8+ 65. Kg4 Rb7 66. Ra8 e3 67.
Ra1 e2 68. Rh1 Rh7 69. Ra1 Qh5+ 70. Kg3 Qh4+ 71. Kf3 e1=Q 72. Rxe1 Qxe1 73. g6
Qe4+ 74. Kg4 Qxg6+ 75. Kf3 Rh3+ 76. Kf2 Qg3+ 77. Kf1 Rh1+ 78. Ke2 Rh2+ 79. Kf1
Qg2+ 80. Ke1 Qh1# 0-1

[Event "Titled Tue 24th Jun Early"]
[Site "chess.com INT"]
[Date "2025.06.24"]
[Round "10"]
[White "Tsiolakidis, Anastasios"]
[Black "Yang, Larry"]
[Result "0-1"]
[WhiteTitle "FM"]
[WhiteElo "2298"]
[BlackElo "2017"]
[WhiteFideId "4201477"]
[BlackFideId "2637618"]
[EventDate "2025.06.24"]

1. e4 c5 2. Nf3 Nc6 3. d4 cxd4 4. Nxd4 g6 5. Nxc6 bxc6 6. Qd4 Nf6 7. Nc3 Bg7 8.
e5 Ng8 9. Bf4 Nh6 10. Bc4 O-O 11. O-O-O Qa5 12. h4 d6 13. Bxh6 Bxh6+ 14. Kb1
Qxe5 15. Qxe5 dxe5 16. h5 Bg7 17. hxg6 hxg6 18. Ne4 Bf5 19. Ng3 Rfd8 20. b4 Rd4
21. Rxd4 exd4 22. a4 Rb8 23. b5 cxb5 24. axb5 Bd7 25. Re1 Bxb5 26. Bxb5 Rxb5+
27. Ka2 e6 28. Ne4 Re5 29. f4 Rb5 30. Nd6 Rb6 31. Nc4 Rb4 32. Nd6 a5 33. Re4 Bf8
34. Ne8 Be7 35. Nc7 Rc4 36. Nb5 Rxc2+ 37. Kb3 Rxg2 38. Nxd4 Rg3+ 39. Ka4 Ra3+
40. Kb5 Bb4 41. Nc2 Rc3 42. Ne3 Rc5+ 43. Kb6 Rc8 44. Nc4 Kg7 45. Ne5 Be7 46. Nc6
Bb4 47. Kb7 Rh8 48. Kc7 Rh5 49. Kd7 g5 50. fxg5 Rxg5 51. Rf4 Rf5 52. Rg4+ Kf6
53. Rg8 e5 54. Re8 Bc3 55. Kd6 Kg5 56. Kd5 f6 57. Ke4 Rf4+ 58. Kd3 Bb4 59. Rg8+
Kf5 60. Rh8 Rf3+ 61. Ke2 Rb3 62. Rh5+ Kg4 63. Rh6 f5 64. Rg6+ Kf4 65. Rh6 e4 66.
Rh4+ Kg5 67. Rh8 Rb2+ 68. Ke3 Rb3+ 69. Ke2 Rg3 70. Rg8+ Kf4 71. Rh8 Re3+ 72. Kf2
Rf3+ 73. Ke2 Re3+ 74. Kf2 Ra3 75. Nd4 Ra2+ 76. Ne2+ Kg4 77. Rg8+ Kh5 78. Rf8
Bxf8 79. Kg3 Rxe2 80. Kf4 Bd6+ 81. Kxf5 e3 82. Ke4 a4 83. Kf3 a3 84. Kxe2 a2 85.
Kxe3 a1=Q 86. Ke4 Qe5+ 0-1

[Event "Titled Tue 24th Jun Early"]
[Site "chess.com INT"]
[Date "2025.06.24"]
[Round "10"]
[White "Aradhya, Garg"]
[Black "Ivannikov, Maksim"]
[Result "1-0"]
[WhiteTitle "IM"]
[BlackTitle "CM"]
[WhiteElo "2370"]
[BlackElo "2184"]
[WhiteFideId "25006746"]
[BlackFideId "34275339"]
[EventDate "2025.06.24"]

1. d4 Nf6 2. c4 g6 3. g3 Bg7 4. Bg2 O-O 5. Nc3 d6 6. Nf3 Nc6 7. O-O a6 8. d5 Na5
9. b3 c5 10. Bd2 Rb8 11. a4 h6 12. e4 e6 13. Rb1 exd5 14. cxd5 b5 15. axb5 axb5
16. b4 Nc4 17. bxc5 b4 18. cxd6 bxc3 19. Rxb8 Nxd2 20. Nxd2 Qxd6 21. Rb3 cxd2
22. Qxd2 Re8 23. Rc1 Kh7 24. Qf4 Qe7 25. Rb8 Bd7 26. Rxe8 Nxe8 27. h4 Be5 28.
Qe3 Nd6 29. f4 Bb2 30. Re1 Nc4 31. Qa7 Qb4 32. Re2 Nb6 33. Kh2 Bd4 34. Qa2 Bb5
35. Rd2 Be3 36. Rd1 Bc4 37. Rb1 Qc5 38. Qa7 Kg7 39. Qb8 Qd4 40. Qe5+ Qxe5 41.
fxe5 Nd7 42. e6 Nf6 43. e7 Bc5 44. Rc1 Bb5 45. Rxc5 Bd7 46. d6 Ng4+ 47. Kg1 Kf6
48. Bh3 h5 49. Bxg4 hxg4 50. Rc7 Ke6 51. e5 f6 52. exf6 Kxd6 53. Ra7 Be8 54. Ra8
Kd7 55. Rd8+ Ke6 56. Rxe8 Kf5 57. Rg8 g5 58. Rxg5+ Ke4 59. Rxg4+ Kf3 60. Rg5 Ke4
61. e8=Q+ Kf3 62. Qg6 Ke3 63. f7 Kd4 64. f8=Q Ke3 65. Qf4+ Ke2 66. Qc2+ Ke1 67.
Re5# 1-0

[Event "Titled Tue 24th Jun Early"]
[Site "chess.com INT"]
[Date "2025.06.24"]
[Round "10"]
[White "Abdsattar, Alisher"]
[Black "Kobalia, Mikhail"]
[Result "1/2-1/2"]
[WhiteTitle "CM"]
[BlackTitle "GM"]
[WhiteElo "2030"]
[BlackElo "2538"]
[WhiteFideId "13749358"]
[BlackFideId "4119150"]
[EventDate "2025.06.24"]

1. e4 c5 2. Nc3 e6 3. Nge2 Nc6 4. g3 Nf6 5. Bg2 d6 6. O-O Be7 7. d4 cxd4 8. Nxd4
Bd7 9. Be3 O-O 10. h3 a6 11. Qd2 Nxd4 12. Bxd4 Bc6 13. Rfe1 Nd7 14. Rad1 b5 15.
e5 Nxe5 16. Bxe5 Bxg2 17. Kxg2 dxe5 18. Rxe5 Bf6 19. Re3 Qxd2 20. Rxd2 Rfc8 21.
a3 Bxc3 22. bxc3 Rc7 23. Rd6 g6 24. h4 h5 25. Red3 Kf8 26. Rd8+ Rxd8 27. Rxd8+
Ke7 28. Ra8 Rxc3 29. Rxa6 Rxc2 30. Rb6 Rc5 31. Rb7+ Kf6 32. Ra7 Rd5 33. a4 bxa4
34. Rxa4 Rd6 35. Rf4+ Ke7 36. Ra4 e5 37. Ra7+ Ke6 38. Kf3 f6 39. Rg7 Kf5 40. Kg2
Rd3 41. Rg8 Rb3 42. Rg7 e4 43. Rg8 Rb2 44. Re8 g5 45. hxg5 fxg5 46. Rf8+ Kg4 47.
Re8 Rb4 48. Re5 h4 49. gxh4 gxh4 50. Re8 h3+ 51. Kh2 Rc4 52. Rg8+ Kf3 53. Rf8+
Ke2 54. Kxh3 Rc7 55. Kg3 Rg7+ 56. Kf4 Re7 57. Kg3 Re6 58. Rf5 Kf1 59. Ra5 Rg6+
60. Kf4 Kxf2 61. Kxe4 Re6+ 62. Kf4 Re2 63. Rf5 Rd2 64. Kg5+ Ke2 65. Ra5 Rd3 66.
Kf4 Rf3+ 67. Ke4 Re3+ 68. Kd4 Rd3+ 69. Kc4 Re3 70. Ra2+ Kf3 71. Kd4 Re4+ 72. Kd5
Re3 73. Rh2 Kg3 74. Rh7 Kf3 75. Rg7 Ke2 76. Rg6 Rd3+ 77. Kc6 Rc3+ 78. Kd7 Rd3+
79. Ke7 Re3+ 80. Re6 Rxe6+ 81. Kxe6 1/2-1/2

[Event "Titled Tue 24th Jun Early"]
[Site "chess.com INT"]
[Date "2025.06.24"]
[Round "10"]
[White "Mikhalsky, Vladimir"]
[Black "Shubenkova, Veronika"]
[Result "0-1"]
[BlackTitle "WFM"]
[WhiteElo "2219"]
[BlackElo "2031"]
[WhiteFideId "14144352"]
[BlackFideId "44124040"]
[EventDate "2025.06.24"]

1. d4 e6 2. g3 d5 3. Bg2 f5 4. c4 Nf6 5. Nf3 c6 6. O-O Bd6 7. b3 Qe7 8. a4 Nbd7
9. Ba3 Ne4 10. Bxd6 Qxd6 11. Nbd2 a5 12. Ne1 Nc3 13. Qc2 Nxe2+ 14. Kh1 Nxd4 15.
Qb2 e5 16. cxd5 cxd5 17. f4 O-O 18. fxe5 Qxe5 19. Nd3 Qf6 20. Bxd5+ Kh8 21. Nc4
Nb6 22. Nxb6 Qxb6 23. Nf4 Bd7 24. Rad1 Ne6 25. Qf2 Qxf2 26. Rxf2 Nxf4 27. Rxf4
Rad8 28. Rfd4 Bc8 29. Bf3 Rde8 30. R1d3 g5 31. Rc3 f4 32. gxf4 Bh3 33. Re4 g4
34. Rce3 Rxe4 35. Bxe4 Rxf4 36. Re1 b6 37. Bg2 Rf2 38. Bd5 Kg7 39. Kg1 Rb2 40.
Re7+ Kf6 41. Rxh7 Ke5 42. Bc4 Rd2 43. Re7+ Kf4 44. Rf7+ Ke3 45. Re7+ Kf3 46.
Rf7+ Ke4 47. Re7+ Kf5 48. Rf7+ Kg5 49. Rg7+ Kf6 50. Rb7 Rd6 51. Kf2 Ke5 52. Ke3
Rf6 53. Re7+ Kd6 54. Rb7 Kc5 55. Rc7+ Kb4 56. Rb7 Bg2 57. Rb8 Rf3+ 58. Kd4 Rf6
59. Ke5 Rh6 60. Kf4 Bf3 61. Kg3 Rh3+ 62. Kf4 Rxh2 63. Rxb6+ Kc3 64. Be6 Rh6 65.
Kg5 g3 66. Kxh6 g2 67. Bc4 g1=Q 68. Rf6 Qh2+ 69. Kg7 Be4 70. Kf7 Qe5 0-1

[Event "Titled Tue 24th Jun Early"]
[Site "chess.com INT"]
[Date "2025.06.24"]
[Round "10"]
[White "Rogov, Matfey"]
[Black "Svane, Rasmus"]
[Result "0-1"]
[WhiteTitle "FM"]
[BlackTitle "GM"]
[WhiteElo "2348"]
[BlackElo "2626"]
[WhiteFideId "44191308"]
[BlackFideId "4657101"]
[EventDate "2025.06.24"]

1. e4 e6 2. d4 d5 3. Bd3 dxe4 4. Bxe4 Nf6 5. Bf3 Be7 6. Nc3 O-O 7. Nge2 c5 8.
Be3 Qa5 9. O-O Rd8 10. Qe1 cxd4 11. Nxd4 e5 12. Nb3 Qc7 13. Qe2 Bf5 14. Nb5 Qc8
15. Nxa7 Rxa7 16. Bxa7 e4 17. Bxb8 Qxb8 18. g3 h5 19. Bg2 h4 20. Rfd1 Re8 21.
Nd4 Bg4 22. f3 exf3 23. Bxf3 Bc5 24. Qf2 hxg3 25. hxg3 Ne4 26. Qg2 Bxf3 27. Qxf3
Nxg3 28. Kg2 Bd6 29. Re1 Rf8 30. Nf5 Nxf5 31. Qxf5 Qc7 32. Re2 g6 33. Qe4 Qc5
34. Rh1 Qg5+ 35. Kf1 Rd8 36. Qg2 Qf6+ 37. Qf2 Qxb2 38. c4 Qc3 39. Kg2 Qxc4 40.
Qf6 Qd5+ 41. Kf2 Bc5+ 42. Kg3 Qd6+ 43. Qxd6 Rxd6 44. Kf3 Kg7 45. Rb1 b6 46. a4
f5 47. Re7+ Kf6 48. Re2 Rd3+ 49. Kg2 Ra3 50. Reb2 Rxa4 51. Kf3 g5 52. Kg2 g4 53.
Re2 Kg5 54. Rf1 Rf4 55. Rh1 Rf3 56. Re8 Rf2+ 57. Kg1 Re2+ 58. Kf1 Rxe8 59. Rh2
Kf4 60. Rg2 Re4 61. Rg3 Ke5 62. Rd3 Rf4+ 63. Kg2 Rd4 64. Re3+ Re4 65. Rc3 f4 66.
Rd3 f3+ 67. Kf1 f2 68. Kg2 Re1 69. Kh2 Rh1+ 70. Kg3 Rh3+ 0-1

[Event "Titled Tue 24th Jun Early"]
[Site "chess.com INT"]
[Date "2025.06.24"]
[Round "10"]
[White "Seder, Mohammed"]
[Black "Rahmilevitz, Anton"]
[Result "0-1"]
[WhiteTitle "FM"]
[WhiteElo "2075"]
[BlackElo "2243"]
[WhiteFideId "11505567"]
[BlackFideId "2809699"]
[EventDate "2025.06.24"]

1. d4 Nf6 2. Nc3 g6 3. e4 d6 4. Be3 Bg7 5. Qd2 b6 6. Bh6 O-O 7. f3 c5 8. Nge2
Nc6 9. Bxg7 Kxg7 10. O-O-O a6 11. g4 h5 12. gxh5 Nxh5 13. Ng3 Rh8 14. Nxh5+ Rxh5
15. dxc5 bxc5 16. Nd5 Nd4 17. Be2 Rb8 18. f4 Nxe2+ 19. Qxe2 Be6 20. f5 Bxd5 21.
fxg6 fxg6 22. Rxd5 Qh8 23. e5 Qh6+ 24. Kb1 Qf4 25. Rf1 Rxe5 26. Rxe5 Qxe5 27.
Qxe5+ dxe5 28. c4 Rh8 29. Rf2 Rh4 30. b3 Rf4 31. Re2 Kf6 32. Kc2 e4 33. a3 Ke5
34. b4 cxb4 35. axb4 Kd4 36. c5 Kc4 37. c6 Rf6 38. Rxe4+ Kb5 39. Rxe7 Rxc6+ 40.
Kb3 Rf6 41. Re5+ Kb6 42. h4 Rd6 43. Rg5 Rf6 44. Kc4 Rf4+ 45. Kb3 Rxh4 46. Rxg6+
Kb5 47. Rg5+ Kb6 48. Ka4 Rf4 49. Rg6+ Kb7 50. Ka5 Rf5+ 51. Ka4 Rf4 52. Rg5 Re4
53. Rc5 Rf4 54. Kb3 Rf6 55. Rh5 Rf4 56. Rh7+ Kb6 57. Rh6+ Kb5 58. Rh5+ Kb6 59.
Kc3 Re4 60. Rd5 Kb7 61. Kb3 Rg4 62. Ka4 Kb6 63. Rd6+ Kb7 64. Rd7+ Kb6 65. Rd5
Kb7 66. Ka5 Rg1 67. Rd7+ Kc6 68. b5+ Kxd7 69. bxa6 Kc7 70. a7 Kb7 71. Kb5 Kxa7
72. Kc5 Kb7 73. Kd5 Rc1 74. Ke4 Rc6 75. Ke3 Kb6 76. Kf2 Rc5 77. Ke2 Kc6 78. Kd3
Kd5 79. Ke3 Rc4 80. Ke2 Rd4 81. Kf2 Ke4 82. Ke2 Rd3 83. Kf2 Kf4 84. Ke2 Ke4 85.
Kf2 Re3 86. Kf1 Kf3 87. Kg1 Re2 88. Kf1 Rb2 89. Ke1 Ke3 90. Kd1 Kd3 91. Ke1 Rd2
92. Kf1 Re2 93. Kg1 Ke3 94. Kf1 Kf3 95. Kg1 Rf2 96. Kh1 Kg3 97. Kg1 Rf3 98. Kh1
Rf1# 0-1

[Event "Titled Tue 24th Jun Early"]
[Site "chess.com INT"]
[Date "2025.06.24"]
[Round "10"]
[White "Aaradhya Das"]
[Black "Mecit, Emre"]
[Result "0-1"]
[WhiteTitle "WCM"]
[WhiteElo "1786"]
[BlackElo "2007"]
[WhiteFideId "33361436"]
[BlackFideId "6304214"]
[EventDate "2025.06.24"]

1. d4 Nf6 2. Nf3 g6 3. Nbd2 Bg7 4. e4 O-O 5. Bd3 d6 6. c3 c5 7. O-O cxd4 8. cxd4
Nc6 9. Nb3 d5 10. e5 Ne4 11. Be3 a5 12. Bxe4 dxe4 13. Ng5 a4 14. Nc5 h6 15.
Ngxe4 b6 16. Nxa4 Be6 17. Rc1 Nb4 18. a3 Nd5 19. Nac3 Rc8 20. Re1 Qd7 21. Nxd5
Bxd5 22. Nc3 Bb7 23. Qd2 Kh7 24. d5 Bxe5 25. Bxh6 Bxc3 26. bxc3 Qxd5 27. Qxd5
Bxd5 28. Bxf8 Rxf8 29. Rxe7 Ra8 30. c4 Be6 31. Rc3 Rc8 32. h3 Kg7 33. Rb7 Rc6
34. a4 Kf6 35. Rb3 Rxc4 36. R3xb6 Rxa4 37. Rc7 Ra1+ 38. Kh2 Ra2 39. Kg3 Ra3+ 40.
f3 Ra4 41. Rcb7 Ke5 42. Rb4 Ra3 43. R7b5+ Kf6 44. Rf4+ Kg7 45. Rb7 Ra5 46. Re7
Rg5+ 47. Kh2 Ra5 48. Rb4 Kf6 49. Re8 Ra2 50. Rf4+ Kg5 51. Rd4 Kf6 52. Rf4+ Kg5
53. Kg3 Rxg2+ 54. Kxg2 Kxf4 55. h4 Bd5 56. Rf8 Bxf3+ 57. Kh3 Bg4+ 58. Kg2 Be6
59. Rh8 Kg4 60. Kf2 Bf5 61. Ke2 Kf4 62. Kf2 Bg4 63. Kg2 Bh5 64. Kf2 Kg4 65. Kg2
Kxh4 66. Rf8 f5 67. Kf2 Kg5 68. Rg8 Kf4 69. Kg2 g5 70. Rb8 Bf3+ 71. Kf2 Be4 72.
Rb4 g4 73. Rb5 g3+ 74. Kg1 Kg4 75. Rb3 f4 76. Kf1 f3 77. Kg1 Kf4 78. Kf1 Bd5 79.
Rc3 Ke4 80. Rc2 f2 0-1

[Event "Titled Tue 24th Jun Early"]
[Site "chess.com INT"]
[Date "2025.06.24"]
[Round "10"]
[White "Sobek, Jaroslav"]
[Black "La Fleur, Zara"]
[Result "1/2-1/2"]
[WhiteTitle "FM"]
[BlackTitle "WCM"]
[WhiteElo "2195"]
[BlackElo "1745"]
[WhiteFideId "301388"]
[BlackFideId "7703848"]
[EventDate "2025.06.24"]

1. d4 d5 2. c4 c6 3. Nf3 Nf6 4. Nbd2 e6 5. e3 Be7 6. Bd3 Nbd7 7. O-O O-O 8. e4
dxc4 9. Nxc4 Nb6 10. Ne3 h6 11. b3 c5 12. Bb2 cxd4 13. Bxd4 Bd7 14. Ne5 Be8 15.
Bb2 Bd6 16. Qe2 Qb8 17. Nf3 Nfd7 18. Rfe1 Ne5 19. Nxe5 Bxe5 20. Bxe5 Qxe5 21.
Ng4 Qd6 22. e5 Qe7 23. Qe4 g6 24. Nxh6+ Kg7 25. Ng4 Bc6 26. Qf4 Rh8 27. Nf6 Nd5
28. Nxd5 Bxd5 29. Be4 Rh4 30. Qf6+ Qxf6 31. exf6+ Kxf6 32. Bxd5 exd5 33. Rad1
Rd8 34. Re3 Rb4 35. g3 Rd7 36. Kg2 d4 37. Re4 a6 38. Kf3 a5 39. Ke2 Rd5 40. Kd3
Rf5 41. f4 Rd5 42. Rc1 Rd7 43. Rc4 Rb6 44. Rexd4 Re7 45. Re4 Rd6+ 46. Rcd4 Rxd4+
47. Kxd4 Rd7+ 48. Kc3 Rc7+ 49. Kb2 Kf5 50. Re2 b6 51. Rc2 Rd7 52. Kc1 Kg4 53.
Rc6 Rb7 54. Kd2 Kh3 55. Ke3 Kxh2 56. Kf3 Kh3 57. Rc1 Kh2 58. Rc2+ Kg1 59. Rc1+
Kh2 60. g4 Re7 61. g5 Rd7 62. Rc6 Rd3+ 63. Ke4 Rd2 64. Rxb6 Rxa2 65. Rb7 Rb2 66.
Rxf7 Rxb3 67. Ra7 Ra3 68. Ra6 Kg3 69. Ke5 Re3+ 70. Kf6 Kxf4 71. Rxa5 Rg3 72.
Kxg6 Kg4 73. Kf6 Kh5 74. g6+ Kh6 75. Rf5 Rxg6+ 76. Kf7 Rg1 77. Kf8 Kh7 78. Kf7
Kh6 79. Rf6+ Kh5 80. Kf8 Rg2 81. Rf7 Kh6 82. Re7 Kg6 83. Ke8 Kf6 84. Kd8 Rd2+
85. Rd7 Rxd7+ 86. Kxd7 1/2-1/2

[Event "Titled Tue 24th Jun Early"]
[Site "chess.com INT"]
[Date "2025.06.24"]
[Round "10"]
[White "Mayank, Chakraborty"]
[Black "Bortnyk, Olexandr"]
[Result "1/2-1/2"]
[WhiteTitle "IM"]
[BlackTitle "GM"]
[WhiteElo "2457"]
[BlackElo "2601"]
[WhiteFideId "25659766"]
[BlackFideId "14120828"]
[EventDate "2025.06.24"]

1. d4 Nf6 2. c4 b6 3. Nf3 Bb7 4. Nc3 g6 5. g3 Bg7 6. Bg2 O-O 7. O-O Ne4 8. Bd2
e6 9. e3 d6 10. Nxe4 Bxe4 11. Bc3 Nd7 12. b4 c5 13. bxc5 bxc5 14. Qd2 Nb6 15.
dxc5 Nxc4 16. Qc1 d5 17. Bxg7 Kxg7 18. Nd2 Bxg2 19. Kxg2 Ne5 20. Nb3 Qf6 21. Nd4
Rfc8 22. Qc3 Nc4 23. Qb4 Rab8 24. Qa4 e5 25. Nb3 e4 26. Qxa7 Ne5 27. Qa4 Nf3 28.
Qd7 Rd8 29. Qg4 Ne5 30. Qf4 Qe7 31. h4 Nd3 32. Qg4 h5 33. Qe2 Rdc8 34. Rfd1 Qf6
35. Rab1 Rb5 36. Rxd3 exd3 37. Qxd3 Rbb8 38. Qxd5 Rd8 39. Qe4 Ra8 40. Nd4 Rxa2
41. Rf1 Ra5 42. Nc6 Rxc5 43. Nxd8 Qxd8 44. Rb1 Qf6 45. Qd4 Qxd4 46. exd4 Rc2 47.
Kf3 Kf6 48. Rb6+ Kf5 49. Rb5+ Ke6 50. Ke3 Ra2 51. f3 Rg2 52. Kf4 Rg1 53. Rb6+
Ke7 54. d5 Rd1 55. Rb7+ Kf6 56. Rb6+ Ke7 57. d6+ Ke6 58. Kg5 Rd3 59. Kf4 Rd4+
60. Ke3 Rd1 61. Ke4 Rg1 62. Kf4 Rd1 63. Ke4 Re1+ 64. Kf4 Re2 65. g4 hxg4 66.
fxg4 Rg2 67. h5 gxh5 68. gxh5 Rh2 69. Kg5 f5 70. d7+ Kxd7 71. Rf6 Rg2+ 72. Kh6
Ke7 73. Rxf5 Ke6 74. Rf8 Ke7 75. Rf1 Ke6 76. Kh7 Ke7 77. Rf4 Rg3 78. h6 Rg2 79.
Rf5 Rg1 80. Rf4 Rg2 81. Ra4 Kf7 82. Ra8 Rg1 83. Ra7+ Kf8 84. Rg7 Rh1 85. Rg4 Rf1
86. Kg6 Kg8 87. Rg5 Kh8 88. Rf5 Rxf5 89. Kxf5 Kh7 90. Kg5 Kh8 91. Kg6 Kg8 92.
h7+ Kh8 93. Kh6 1/2-1/2

[Event "Titled Tue 24th Jun Early"]
[Site "chess.com INT"]
[Date "2025.06.24"]
[Round "11"]
[White "Parkhurst Casas, Andrea Ju"]
[Black "Winkels, Marcel"]
[Result "0-1"]
[WhiteTitle "WCM"]
[BlackTitle "CM"]
[WhiteElo "1722"]
[BlackElo "1905"]
[WhiteFideId "5117496"]
[BlackFideId "1003887"]
[EventDate "2025.06.24"]

1. d4 g6 2. e3 Bg7 3. f4 d6 4. Nf3 Nd7 5. Bd3 e5 6. c3 Ngf6 7. Bc2 O-O 8. Nbd2
exd4 9. exd4 Re8+ 10. Kf2 Ng4+ 11. Kf1 Ne3+ 0-1

[Event "Titled Tue 24th Jun Early"]
[Site "chess.com INT"]
[Date "2025.06.24"]
[Round "11"]
[White "Nazin, Roman"]
[Black "Goryachkina, Aleksandra"]
[Result "0-1"]
[WhiteTitle "CM"]
[BlackTitle "GM"]
[WhiteElo "2250"]
[BlackElo "2533"]
[WhiteFideId "4137167"]
[BlackFideId "4147103"]
[EventDate "2025.06.24"]

1. d4 Nf6 2. Nf3 g6 3. c4 Bg7 4. Nc3 O-O 5. e4 d6 6. Be2 e5 7. Be3 Ng4 8. Bg5 f6
9. Bh4 g5 10. Bg3 Nc6 11. d5 Ne7 12. Nxg5 Nxf2 13. Bxf2 fxg5 14. O-O Ng6 15. Bg4
Nf4 16. Kh1 Bxg4 17. Qf3 Bxf3 0-1

[Event "Titled Tue 24th Jun Early"]
[Site "chess.com INT"]
[Date "2025.06.24"]
[Round "11"]
[White "Yatskar, Martin"]
[Black "Lohia, Sohum"]
[Result "0-1"]
[WhiteTitle "CM"]
[BlackTitle "FM"]
[WhiteElo "2225"]
[BlackElo "2364"]
[WhiteFideId "34109676"]
[BlackFideId "5819369"]
[EventDate "2025.06.24"]

1. d4 Nf6 2. c4 e6 3. Nc3 Bb4 4. Qc2 O-O 5. e4 d5 6. e5 Nfd7 7. Bd3 g6 8. Nf3 c5
9. Bf4 Nc6 10. cxd5 Nxd4 11. Qd1 exd5 12. O-O Bxc3 13. bxc3 Ne6 14. Bh6 Re8 15.
Re1 b6 16. c4 Bb7 17. cxd5 Bxd5 18. Qc2 Bxf3 19. gxf3 Nd4 20. Qd1 Nxe5 21. Be4
Nexf3+ 22. Bxf3 Rxe1+ 0-1

[Event "Titled Tue 24th Jun Early"]
[Site "chess.com INT"]
[Date "2025.06.24"]
[Round "11"]
[White "Sturt, Raven"]
[Black "Chiang, Jacob"]
[Result "0-1"]
[WhiteTitle "GM"]
[WhiteElo "2459"]
[BlackElo "2006"]
[WhiteFideId "2007304"]
[BlackFideId "30962331"]
[EventDate "2025.06.24"]

1. f4 c5 2. Nf3 Nf6 3. e3 d5 4. b3 g6 5. Bb2 Bg7 6. Bb5+ Bd7 7. Bxd7+ Nbxd7 8.
O-O O-O 9. c4 dxc4 10. bxc4 a6 11. Qe2 b5 12. Nc3 b4 13. Nd5 Nxd5 14. Bxg7 Nxf4
15. exf4 Kxg7 16. Rae1 e6 17. d4 cxd4 18. Nxd4 Qb6 19. Qe3 Qc5 20. f5 exf5 21.
Kh1 Rae8 22. Qd3 Ne5 23. Nxf5+ gxf5 24. Qxf5 f6 25. Re4 Qc8 26. Qh5 Ng6 27. Rg4
Re5 0-1